<?xml version="1.0" encoding="UTF-8"?>
<collection xmlns="http://www.loc.gov/MARC21/slim">
 <record>
  <leader>00426pamaa2200133   4500</leader>
  <controlfield tag="001">0000036197</controlfield>
  <controlfield tag="005">20060516090000.0</controlfield>
  <datafield tag="020" ind1="0" ind2="0">
   <subfield code="a">0620288639 (pbk) </subfield>
  </datafield>
  <datafield tag="082" ind1=" " ind2=" ">
   <subfield code="a">332.673 UGL 2002</subfield>
  </datafield>
  <datafield tag="090" ind1="0" ind2="0">
   <subfield code="a">HG4538 </subfield>
   <subfield code="b">UGL 2002</subfield>
  </datafield>
  <datafield tag="245" ind1="1" ind2="0">
   <subfield code="a">Ugly Malaysians : </subfield>
   <subfield code="b">South-South invesments abused  </subfield>
   <subfield code="c">edited by Jomo K. S..</subfield>
  </datafield>
  <datafield tag="260" ind1="0" ind2="0">
   <subfield code="a">Durban: </subfield>
   <subfield code="b">Institute for Black Research, </subfield>
   <subfield code="c">2002.</subfield>
  </datafield>
  <datafield tag="300" ind1=" " ind2=" ">
   <subfield code="a">171 p.: </subfield>
   <subfield code="b">ill.; </subfield>
   <subfield code="c">22 cm.</subfield>
  </datafield>
  <datafield tag="650" ind1="0" ind2="0">
   <subfield code="a">Economy--International Investment </subfield>
  </datafield>
 </record>
</collection>
